000 00538nam a22001817a 4500
005 20260311162444.0
008 260311b |||||||| |||| 00| 0 eng d
020 _a9781260091946
050 _aHG2040.5
_b.U5B78 BRU
100 _aBrueggeman William B.
245 _aReal Estate Finance and Investment
_cWilliam B. Brueggeman & Jeffrey D. Fisher
250 _a16th Ed.
260 _aBoston
_bMcGraw-Hill Education
_c2019
500 _aIncludes Index
650 _2Finance
700 _aFisher Jeffrey D.
942 _2lcc
_cBK
_e16th Ed.
_n0
999 _c8936
_d8936